| 000 | 00650nam a22001937a 4500 | ||
|---|---|---|---|
| 005 | 20160609165348.0 | ||
| 008 | 100206t xxu||||| |||| 00| 0 eng d | ||
| 020 |
_a2-930126-09-4 _cDon |
||
| 040 |
_aBUAC _bFr. _cBUC |
||
| 041 | _aFre | ||
| 082 | _a334 | ||
| 100 |
_aCoscia, Walter _cDir.. _93458 |
||
| 245 |
_aWallonie et pays du sud _bSous le signe du partenariat _csous la coordination de Walter Coscia |
||
| 260 |
_aBruxelles _bEd. Fonds de Coopération au Développement _c2000 |
||
| 300 |
_a635p. _c22 cm |
||
| 504 | _aContient des adresses utiles | ||
| 650 |
_aParticipation : déveloment _bRégion Wallonie - Pays ACP _93459 |
||
| 942 | _cLIVR | ||
| 999 |
_c46906 _d46906 |
||